| 000 | 00421pab a2200157 454500 | ||
|---|---|---|---|
| 008 | 180718b1990 xxu||||| |||| 00| 0 eng d | ||
| 100 | _aSarna, A.C | ||
| 245 | _aSocio - economic and travel characteristics of employees in Bombay Island | ||
| 260 | _c1990 | ||
| 300 | _a102-13 | ||
| 362 | _aJan.- Mar. | ||
| 650 | _aTraffic - India - Maharashtra | ||
| 700 | _aAnand Prakash | ||
| 773 | _aUrban India | ||
| 909 | _a19838 | ||
| 999 |
_c19838 _d19838 |
||